[Event "Ostravský koník 2017 - MÈR"]
[Site "Ostrava"]
[Date "2017.05.07"]
[Round "9"]
[White "Rasik, Vitezslav"]
[Black "Vykouk, Jan"]
[Result "1/2-1/2"]
[WhiteElo "2467"]
[BlackElo "2424"]
[PlyCount "96"]

1. e4 c5 2. Nf3 g6 3. c3 d5 4. exd5 Qxd5 5. Na3 Bg7 6. d4 Nf6 7. Bc4 Qe4+ 8.
Be3 O-O 9. dxc5 Ng4 10. Bd5 Nxe3 11. Bxe4 Nxd1 12. Rxd1 Na6 13. c6 bxc6 14.
Bxc6 Rb8 15. Nc4 Nc5 16. Rd5 Ne4 17. Ra5 Bxc3+ 18. bxc3 Rb1+ 19. Ke2 Nxc3+ 20.
Kd2 Rxh1 21. Kxc3 Be6 22. Bd5 Bxd5 23. Rxd5 Rc8 24. Kd3 Rf1 25. Ncd2 Rxf2 26.
Rg5 f6 27. Rg3 f5 28. Ke3 f4+ 29. Kxf4 Re2 30. Rg5 Rc2 31. Ra5 Rxg2 32. Ke3
Rc3+ 33. Kd4 Rc7 34. h4 Rg4+ 35. Ne4 Rf4 36. Ke3 Rf5 37. Ra6 Rb5 38. Nd4 Rb4
39. Ne6 Rc1 40. N4c5 Rbc4 41. Rxa7 Rxc5 42. Nxc5 Rxc5 43. Rxe7 Ra5 44. Kf4 Rxa2
45. h5 Ra4+ 46. Kg3 gxh5 47. Rb7 Rg4+ 48. Kh3 Rg7 1/2-1/2

[Event "Ostravský koník 2017 - MÈR"]
[Site "Ostrava"]
[Date "2017.05.07"]
[Round "9"]
[White "Haba, Petr"]
[Black "Roubalik, Jakub"]
[Result "1/2-1/2"]
[WhiteElo "2458"]
[BlackElo "2397"]
[PlyCount "36"]

1. d4 Nf6 2. c4 e6 3. g3 c5 4. Nf3 cxd4 5. Nxd4 Qc7 6. b3 a6 7. Bg2 Nc6 8. O-O
h5 9. Ba3 Bxa3 10. Nxa3 h4 11. Nf3 hxg3 12. hxg3 Qa5 13. Nc2 Qh5 14. Qd6 e5 15.
Rfe1 Ne4 16. Qd5 Nf6 17. Qd6 Ne4 18. Qd5 Nf6 1/2-1/2

[Event "Ostravský koník 2017 - MÈR"]
[Site "Ostrava"]
[Date "2017.05.07"]
[Round "9"]
[White "Vlasak, Lukas"]
[Black "Kolar, Stanislav"]
[Result "1-0"]
[WhiteElo "2375"]
[BlackElo "2094"]
[PlyCount "111"]

1. e4 c6 2. d4 Na6 3. Nf3 g6 4. Be2 Bg7 5. O-O d6 6. Nc3 Nc7 7. a4 a5 8. h3 Nf6
9. Be3 O-O 10. Qd2 Re8 11. Rad1 Bd7 12. Bh6 e5 13. Bg5 exd4 14. Nxd4 Qe7 15.
Bf3 Red8 16. Rfe1 Qf8 17. Qf4 Nce8 18. Qe3 h6 19. Bf4 Nc7 20. Nb3 Bc8 21. Qd2
Nfe8 22. Be3 Be6 23. Nd4 Kh7 24. Nxe6 fxe6 25. Bd4 e5 26. Bb6 Rd7 27. Be2 Ne6
28. Bg4 Qf6 29. Re3 h5 30. Rf3 Qe7 31. Bxe6 Qxe6 32. Rd3 Qc4 33. b3 Qb4 34. Be3
d5 35. exd5 e4 36. Na2 Qa3 37. dxc6 Rxd3 38. cxd3 bxc6 39. Nc1 Qe7 40. Qc2 exd3
41. Nxd3 Qe4 42. Rc1 Rd8 43. Nf4 Qxc2 44. Rxc2 Rd1+ 45. Kh2 Be5 46. g3 h4 47.
gxh4 Nf6 48. Kg2 Rb1 49. Nd3 Ba1 50. Rxc6 Rxb3 51. Nc5 Rb4 52. Ra6 Nd5 53. Ra7+
Kg8 54. Rxa5 Rxh4 55. Bg5 Rc4 56. Nb3 1-0

[Event "Ostravský koník 2017 - MÈR"]
[Site "Ostrava"]
[Date "2017.05.07"]
[Round "9"]
[White "Caletka, Radomir"]
[Black "Bartos, Jan"]
[Result "1/2-1/2"]
[WhiteElo "2349"]
[BlackElo "2157"]
[PlyCount "33"]

1. c4 c5 2. Nf3 Nf6 3. Nc3 e6 4. d4 cxd4 5. Nxd4 d5 6. cxd5 Nxd5 7. Bd2 Nf6 8.
e3 Bd7 9. Be2 Nc6 10. Nb3 Be7 11. O-O O-O 12. e4 b6 13. Rc1 e5 14. Be3 Be6 15.
f3 Qxd1 16. Rfxd1 Rfd8 17. Rxd8+ 1/2-1/2

[Event "Ostravský koník 2017 - MÈR"]
[Site "Ostrava"]
[Date "2017.05.07"]
[Round "9"]
[White "Havlikova, Kristyna"]
[Black "Freisler, Pavel"]
[Result "1/2-1/2"]
[WhiteElo "2251"]
[BlackElo "2256"]
[PlyCount "59"]

1. e4 e5 2. Nf3 Nc6 3. Bb5 Nf6 4. d3 d6 5. O-O g6 6. d4 Bd7 7. d5 Nb8 8. Bxd7+
Nbxd7 9. Re1 Nc5 10. Bg5 Be7 11. Bxf6 Bxf6 12. c4 a5 13. Nc3 O-O 14. b3 Bg7 15.
a3 f5 16. Rb1 Bh6 17. Re2 Qd7 18. Ne1 fxe4 19. Nxe4 Nxe4 20. Rxe4 Rf4 21. Rxf4
Bxf4 22. Nd3 Qf5 23. Qe2 e4 24. Nxf4 Qxf4 25. Re1 Rf8 26. Qe3 Qf6 27. h3 Kg7
28. a4 b6 29. Re2 Re8 30. Re1 1/2-1/2

[Event "Ostravský koník 2017 - MÈR"]
[Site "Ostrava"]
[Date "2017.05.07"]
[Round "9"]
[White "Rabatin, Jakub"]
[Black "Sikora, Jan"]
[Result "1/2-1/2"]
[WhiteElo "2286"]
[BlackElo "2204"]
[PlyCount "28"]

1. e4 c5 2. Nf3 d6 3. d4 cxd4 4. Nxd4 Nf6 5. Nc3 a6 6. Nb3 e6 7. g4 b5 8. Bg2
Bb7 9. g5 Nfd7 10. Be3 Ne5 11. Qe2 Nc4 12. O-O-O Nd7 13. f4 Nxe3 14. Qxe3 Qb6
1/2-1/2

[Event "Ostravský koník 2017 - MÈR"]
[Site "Ostrava"]
[Date "2017.05.07"]
[Round "9"]
[White "Kanakova, Natalie"]
[Black "Macicek, Jakub"]
[Result "1/2-1/2"]
[WhiteElo "2112"]
[BlackElo "2284"]
[PlyCount "92"]

1. e4 e6 2. d4 d5 3. Nc3 Bb4 4. e5 c5 5. a3 Bxc3+ 6. bxc3 Qa5 7. Bd2 Qa4 8. Qb1
c4 9. Nf3 Nc6 10. h4 Bd7 11. h5 O-O-O 12. g3 Rf8 13. h6 gxh6 14. Bxh6 Nxh6 15.
Rxh6 Rfg8 16. Bg2 Rg6 17. Rxg6 hxg6 18. Kd2 Qa5 19. Qe1 Qd8 20. Qe3 f6 21. exf6
Qxf6 22. Rh1 Rf8 23. Ke2 Qe7 24. Ra1 b6 25. Qg5 Rf6 26. Rh1 e5 27. Rh8+ Kb7 28.
Rh7 Qxh7 29. Qxf6 e4 30. Ng5 Qe7 31. Qxe7 Nxe7 32. Nf7 Kc6 33. Ne5+ Kd6 34. f3
exf3+ 35. Bxf3 Ba4 36. Kd2 Ke6 37. Bd1 Kf6 38. Ke3 Nf5+ 39. Kf2 Nd6 40. Bf3 Nb5
41. Bxd5 Nxc3 42. Bxc4 Bxc2 43. Ba6 Nb1 44. Nc6 Nxa3 45. Nxa7 Ke6 46. Ke3 Kd5
1/2-1/2

[Event "Ostravský koník 2017 - MÈR"]
[Site "Ostrava"]
[Date "2017.05.07"]
[Round "9"]
[White "Machycek, Lubomir"]
[Black "Jurek, Josef"]
[Result "1/2-1/2"]
[WhiteElo "2222"]
[BlackElo "2277"]
[PlyCount "52"]

1. c4 Nf6 2. Nc3 c5 3. Nf3 e6 4. g3 b6 5. Bg2 Bb7 6. O-O Be7 7. d4 cxd4 8. Qxd4
d6 9. b3 Nbd7 10. Bb2 a6 11. Rfd1 O-O 12. e4 Qc7 13. Rac1 Rfe8 14. h3 Rad8 15.
Nh2 Bf8 16. Kh1 Qb8 17. Ng4 Nxg4 18. hxg4 Bc6 19. g5 Rc8 20. Rc2 b5 21. cxb5
axb5 22. Rdc1 b4 23. Nd5 Bxd5 24. exd5 Rxc2 25. Rxc2 e5 26. Qc4 Nc5 1/2-1/2

[Event "Ostravský koník 2017 - MÈR"]
[Site "Ostrava"]
[Date "2017.05.07"]
[Round "9"]
[White "Kozusek, Daniel"]
[Black "Postupa, Pavel"]
[Result "1/2-1/2"]
[WhiteElo "2264"]
[BlackElo "2202"]
[PlyCount "34"]

1. d4 Nf6 2. Bf4 g6 3. Nc3 d5 4. e3 Bg7 5. h4 O-O 6. Be2 c5 7. Nb5 Na6 8. c3
Bd7 9. a4 cxd4 10. exd4 Bxb5 11. axb5 Nc7 12. Nf3 Ne4 13. O-O Ne6 14. Bh2 Bh6
15. Qb3 Nf4 16. Bxf4 Bxf4 17. Bd3 e6 1/2-1/2

[Event "Ostravský koník 2017 - MÈR"]
[Site "Ostrava"]
[Date "2017.05.07"]
[Round "9"]
[White "Vavra, Pavel"]
[Black "Vybiral, Zdenek"]
[Result "1/2-1/2"]
[WhiteElo "2390"]
[BlackElo "2271"]
[PlyCount "46"]

1. d4 c5 2. e3 Nf6 3. c3 b6 4. Nf3 g6 5. dxc5 bxc5 6. e4 Bb7 7. e5 Nd5 8. h4 h6
9. h5 g5 10. Na3 Bg7 11. Bc4 Nb6 12. Qb3 Nxc4 13. Nxc4 Qc7 14. Be3 Bxf3 15.
gxf3 Nc6 16. O-O-O Rb8 17. Qa3 Nxe5 18. Nxe5 Bxe5 19. Bxc5 d6 20. Bd4 O-O 21.
Kb1 Rb5 22. Ka1 Rbb8 23. Qb3 Ra8 1/2-1/2

[Event "Ostravský koník 2017 - MÈR"]
[Site "Ostrava"]
[Date "2017.05.07"]
[Round "9"]
[White "Malik, Jan"]
[Black "Novosadova, Kristyna"]
[Result "0-1"]
[WhiteElo "2290"]
[BlackElo "2198"]
[PlyCount "146"]

1. e4 e5 2. Nf3 Nc6 3. Bb5 a6 4. Ba4 Nf6 5. O-O b5 6. Bb3 Bb7 7. Re1 Bc5 8. c3
O-O 9. d4 Bb6 10. d5 Na5 11. Bc2 d6 12. Nbd2 c6 13. dxc6 Nxc6 14. Nf1 d5 15.
exd5 Nxd5 16. Nxe5 Nxe5 17. Rxe5 Qf6 18. Rf5 Qe6 19. Rg5 Rfe8 20. Bd2 Rad8 21.
Qg4 Qxg4 22. Rxg4 Re2 23. Rd4 Bxd4 24. cxd4 Nf4 25. Bd1 Re4 26. Bf3 Ne2+ 27.
Kh1 Nxd4 28. Bxe4 Bxe4 29. Ba5 Rc8 30. Rd1 Ne6 31. Ne3 h5 32. f3 Bg6 33. Kg1
Kh7 34. g3 Re8 35. Bb6 Rc8 36. Kf2 Rc6 37. Bd4 b4 38. a3 b3 39. Ke2 Bc2 40. Rd2
Nc7 41. Be5 Ne6 42. Rd6 Rxd6 43. Bxd6 Nd4+ 44. Kf2 f6 45. Bc5 Nc6 46. Nc4 Kg6
47. Ke3 h4 48. Kd2 h3 49. Ke3 Kf5 50. Bd4 Ne7 51. Kd2 Kg5 52. Ne3 Bh7 53. Kc3
Bg8 54. Kb4 Nf5 55. Nxf5 Kxf5 56. Kc5 g5 57. Kd6 g4 58. fxg4+ Ke4 59. Bxf6 Kf3
60. Be5 Kg2 61. g5 Kxh2 62. g4+ Kg2 63. Kc5 h2 64. Bxh2 Kxh2 65. Kd4 Kg3 66.
Ke3 Kxg4 67. Kd2 Bh7 68. g6 Bxg6 69. Kc1 Kf4 70. Kd2 Bc2 71. Kc1 Ke3 72. a4 Kd4
73. a5 Kc5 0-1

[Event "Ostravský koník 2017 - MÈR"]
[Site "Ostrava"]
[Date "2017.05.07"]
[Round "9"]
[White "Ockay, Tomas"]
[Black "Bures, Martin"]
[Result "1/2-1/2"]
[WhiteElo "2107"]
[BlackElo "2084"]
[PlyCount "79"]

1. Nf3 c5 2. c4 g6 3. Nc3 Bg7 4. g3 Nc6 5. Bg2 Nh6 6. O-O Nf5 7. d3 h5 8. e4
Nfd4 9. Nxd4 Nxd4 10. Be3 h4 11. Rb1 d6 12. Ne2 hxg3 13. hxg3 Bh3 14. Bxh3
Nxe2+ 15. Qxe2 Rxh3 16. Qg4 Qd7 17. Qxd7+ Kxd7 18. b4 b6 19. Kg2 Rah8 20. a4
Rh2+ 21. Kf3 cxb4 22. Rxb4 Bc3 23. Rb3 Ba5 24. Rbb1 e5 25. Rfd1 Ke6 26. g4
R8h3+ 27. Ke2 Bc3 28. Rf1 Bd4 29. Bxd4 exd4 30. Rb5 Re3+ 31. Kd2 Rf3 32. Ke2
Re3+ 33. Kd2 Rg3 34. Rd5 Rf3 35. Ke2 Re3+ 36. Kd2 Rf3 37. Ke2 Re3+ 38. Kd2 Rg3
39. Ke2 Rxg4 40. Rxd4 1/2-1/2

[Event "Ostravský koník 2017 - MÈR"]
[Site "Ostrava"]
[Date "2017.05.07"]
[Round "9"]
[White "Kabelka, Ondrej"]
[Black "Malinovsky, Petr"]
[Result "0-1"]
[WhiteElo "2069"]
[BlackElo "2024"]
[PlyCount "108"]

1. d4 d5 2. c4 e6 3. Nf3 c6 4. Qc2 Nf6 5. Bg5 Nbd7 6. e3 Be7 7. Nc3 O-O 8. cxd5
exd5 9. Bd3 Re8 10. O-O Nf8 11. h3 Ng6 12. Bxf6 Bxf6 13. b4 a6 14. a4 Be6 15.
b5 Qe7 16. bxc6 bxc6 17. Rab1 c5 18. dxc5 Rec8 19. Ne2 Rxc5 20. Qd2 Ne5 21.
Nxe5 Bxe5 22. Nd4 Bd7 23. Rb7 Bc7 24. Qb4 Qd6 25. Nf3 Bc8 26. Rxc7 Qxc7 27. Qh4
h6 28. Nd4 Be6 29. Qh5 Qe7 30. Rb1 Qg5 31. Qf3 Rc7 32. Rb6 Qe5 33. g3 Bxh3 34.
Bxa6 Qe4 35. Bb5 Bd7 36. Qxe4 dxe4 37. Nc6 Kf8 38. a5 Bxc6 39. Bxc6 Rxa5 40.
Bxe4 g6 41. g4 Ra2 42. Kg2 Kg7 43. Kg3 Rd2 44. Rb1 Rc4 45. Kf3 Ra4 46. Rf1 Rb4
47. Ra1 Rbb2 48. Rf1 Kf6 49. Kg3 Ke5 50. Bc6 Kf6 51. Be4 Rb4 52. Bc6 Rc4 53.
Bb7 Rc5 54. Bf3 h5 0-1

[Event "Ostravský koník 2017 - MÈR"]
[Site "Ostrava"]
[Date "2017.05.07"]
[Round "9"]
[White "Solc, Filip"]
[Black "Didi, Jan"]
[Result "1/2-1/2"]
[WhiteElo "2005"]
[BlackElo "2050"]
[PlyCount "45"]

1. e4 c5 2. Nf3 d6 3. Bb5+ Bd7 4. Bxd7+ Qxd7 5. c4 Nc6 6. d4 cxd4 7. Nxd4 g6 8.
Nc3 Bg7 9. Be3 Nf6 10. f3 O-O 11. O-O Rac8 12. b3 Rfd8 13. Qd2 e6 14. Rad1 d5
15. cxd5 exd5 16. exd5 Ne7 17. Nde2 Nexd5 18. Nxd5 Qxd5 19. Qxd5 Rxd5 20. Nf4
Ra5 21. Rf2 g5 22. Nh3 h6 23. Rfd2 1/2-1/2

[Event "Ostravský koník 2017 - FIDE Open A"]
[Site "Ostrava"]
[Date "2017.05.07"]
[Round "9"]
[White "Muzik, Martin"]
[Black "Vesselovsky, Serguei"]
[Result "1/2-1/2"]
[WhiteElo "2124"]
[BlackElo "2344"]
[PlyCount "58"]

1. e4 c5 2. c3 d5 3. exd5 Qxd5 4. d4 Nf6 5. Nf3 e6 6. Be2 Nc6 7. O-O Be7 8.
dxc5 Qxd1 9. Rxd1 Bxc5 10. b4 Be7 11. a3 a5 12. Bb2 O-O 13. Nbd2 Nd5 14. Nc4
axb4 15. cxb4 Rd8 16. Nfe5 Nxe5 17. Bxe5 f6 18. Bb2 Bd7 19. Bf3 Be8 20. Rd2
Rac8 21. Na5 b6 22. Nb3 Kf7 23. g3 Ba4 24. Nd4 Nc3 25. Rc1 Nb5 26. Rxc8 Rxc8
27. Nc6 Nd6 28. Nxe7 Kxe7 29. Re2 Bd1 1/2-1/2

[Event "Ostravský koník 2017 - FIDE Open A"]
[Site "Ostrava"]
[Date "2017.05.07"]
[Round "9"]
[White "Kula, Dominik"]
[Black "Bilczewski, Kacper"]
[Result "0-1"]
[WhiteElo "2100"]
[BlackElo "2137"]
[PlyCount "80"]

1. e4 d6 2. d4 Nf6 3. Nc3 e5 4. Nge2 Be7 5. g3 O-O 6. Bg2 c6 7. O-O b5 8. a3 a5
9. h3 Ba6 10. Be3 Nbd7 11. f4 b4 12. axb4 axb4 13. Na2 c5 14. fxe5 dxe5 15. d5
Ne8 16. Nac1 Bg5 17. Qd2 Bxe3+ 18. Qxe3 Nd6 19. Nd3 Nc4 20. Qf2 Qg5 21. h4 Qd2
22. Nec1 Qxf2+ 23. Rxf2 Bb5 24. Rxa8 Rxa8 25. Nb3 Ne3 26. Ne1 c4 27. Nd2 Ra1
28. Ndf3 Ng4 29. Rf1 c3 30. bxc3 Bxf1 31. Bxf1 bxc3 32. Bh3 h5 33. Kf1 Nc5 34.
Bxg4 hxg4 35. Nxe5 Nxe4 36. Nxg4 Nxg3+ 37. Kf2 Nf5 38. Ng2 Ra4 39. N4e3 Nxh4
40. Ne1 Rd4 0-1